| 000 | 00754nam a22002055i 4500 | ||
|---|---|---|---|
| 001 | 169031 | ||
| 003 | ES-MaACL | ||
| 005 | 20230906213951.0 | ||
| 008 | 080801s2001 sp |||| | spa d | ||
| 020 | _a84-8103-259-x | ||
| 080 | _a821.134.2 Pérez Galdós, Benito 7 Electra(064.3) | ||
| 245 | 0 | 0 |
_aElectra de Pérez Galdós _b: cien años de un estreno : exposición, del 30 de enero al 23 de marzo. |
| 260 |
_aLas Palmas de Gran Canaria : _bCabildo de Gran Canaria, _c2001. |
||
| 300 |
_a169 p. : _bil. ; _c28 cm. |
||
| 504 | _aBibliografía. | ||
| 600 | 1 | 7 |
_aPérez Galdós, Benito, _d1843-1920. _tElectra _2 _9138132 |
| 710 | 1 |
_aGran Canaria. _bCabildo Insular. _92264 |
|
| 852 | 4 |
_aES-MaACL _jL-29601 _9R.143388 |
|
| 999 |
_c169031 _d169031 |
||